[Event "IBCA Wch blind 13th"]
[Site "Katerini"]
[Date "2014.05.08"]
[Round "4"]
[White "Cajzler, Hinko"]
[Black "Buchkov, Yuri"]
[Result "1/2-1/2"]
[WhiteElo "2128"]
[BlackElo "1933"]
[PlyCount "77"]
[EventDate "2014.05.05"]
[EventType "swiss"]
[EventRounds "9"]
[EventCountry "GRE"]
[SourceTitle "CBM 160 Extra"]
[Source "ChessBase"]
[SourceDate "2014.07.01"]
[SourceVersion "1"]
[SourceVersionDate "2014.07.01"]
[SourceQuality "1"]

1. c4 g6 2. Nc3 Bg7 3. g3 e5 4. Bg2 Ne7 5. d3 d6 6. e3 Nbc6 7. Nge2 Be6 8. Nd5 0-0 9. 0-0 Rb8 10. Nec3 a6 11. Nxe7+ Nxe7 12. b3 d5 13. Bb2 b5 14. cxd5 Nxd5 15. Ne4 Qe7 16. Qc1 Rbd8 17. Nc5 a5 18. a3 Nb6 19. Nxe6 Qxe6 20. Qc2 Rd6 21. Rfd1 Rfd8 22. Rac1 c5 23. Qxc5 Qxb3 24. Bxe5 Na4 25. Qxd6 Rxd6 26. Bxd6 Bc3 27. d4 Nb2 28. Rf1 Nc4 29. Bd5 Bb2 30. Rb1 Qc2 31. Bxc4 bxc4 32. Be5 c3 33. d5 Qe4 34. Bf6 Qf5 35. Rxb2 cxb2 36. Bxb2 Qxd5 37. Rc1 f5 38. Bd4 Qb3 39. Rc3 1/2-1/2

[Event "IBCA Wch blind 13th"]
[Site "Katerini"]
[Date "2014.05.05"]
[Round "1"]
[White "Meshkov, Yuri A"]
[Black "Buchkov, Yuri"]
[Result "1-0"]
[WhiteElo "2350"]
[BlackElo "1933"]
[PlyCount "44"]
[EventDate "2014.05.05"]
[EventType "swiss"]
[EventRounds "9"]
[EventCountry "GRE"]
[SourceTitle "CBM 160 Extra"]
[Source "ChessBase"]
[SourceDate "2014.07.01"]
[SourceVersion "1"]
[SourceVersionDate "2014.07.01"]
[SourceQuality "1"]

1. e4 g6 2. d4 Bg7 3. Nc3 d6 4. Be3 Nf6 5. Qd2 0-0 6. Bh6 e5 7. Bxg7 Kxg7 8. 0-0-0 exd4 9. Qxd4 Nc6 10. Qd2 Re8 11. f3 a6 12. g4 b5 13. h4 b4 14. Nd5 Nxe4 15. fxe4 Rxe4 16. g5 Bg4 17. Be2 Rd4 18. Qe3 Rxd1+ 19. Bxd1 Bxd1 20. Kxd1 Qd7 21. Qf4 Ne5 22. Ne2 Ng4 1-0